Statistiques concernant Pays les plus médaillés aux jeux olympiques d'hiver par sport

Cliquez ici pour prendre le quiz!

Statistiques générales

  • Ce quiz a été pris 285 fois
  • Le résultat moyen est 41 sur 45

Statistiques - réponses

SportPaysNombre de Médailles% Correct
3Canada17
99%
3Canada37
99%
Hockey sur Glace1Canada23
99%
Ski acrobatique1Canada31
99%
Curling1Canada12
99%
3États Unis28
99%
Skeleton1États Unis8
99%
2États Unis33
99%
Snowboard1États Unis35
99%
3États Unis18
99%
3États Unis48
99%
2États Unis74
99%
Patinage artistique1États Unis54
99%
3France33
99%
2Russie14
99%
Combiné nordique1Norvège35
98%
Saut à Ski1Norvège36
98%
Ski de fond1Norvège129
98%
3Norvège89
98%
Biathlon1Norvège55
98%
2Suède11
98%
2Suède84
98%
Bobsleigh1Allemagne32
97%
2Allemagne58
97%
2Allemagne21
97%
3Allemagne6
97%
Luge1Allemagne43
97%
2Russie27
96%
2Finlande22
94%
3Finlande14
94%
2Chine37
92%
2Suisse74
89%
3Suisse12
89%
2Suisse14
89%
2Suisse31
89%
3Italie18
87%
Ski alpin1Autriche128
85%
3Autriche27
85%
Patinage de vitesse1Pays Bas134
85%
3Royaume Uni6
78%
2Royaume Uni9
78%
Patinage de vitesse sur piste courte1Corée du Sud53
77%
3Union Soviétique24
66%
3Union Soviétique68
66%
2Allemagne de l'Est29
42%

Distribution des résultats

Percentile par nombre de réponses

% des personnes avec chaque résultat

Votre développement - résultats

Vous n’avez pas pris ce quiz